<?xml version="1.0" encoding="UTF-8"?><?xml-stylesheet type="text/xsl" href="static/style.xsl"?><OAI-PMH xmlns="http://www.openarchives.org/OAI/2.0/" xmlns:xsi="http://www.w3.org/2001/XMLSchema-instance" xsi:schemaLocation="http://www.openarchives.org/OAI/2.0/ http://www.openarchives.org/OAI/2.0/OAI-PMH.xsd"><responseDate>2026-04-19T10:27:04Z</responseDate><request verb="GetRecord" identifier="oai:www.recercat.cat:2072/383844" metadataPrefix="marc">https://recercat.cat/oai/request</request><GetRecord><record><header><identifier>oai:recercat.cat:2072/383844</identifier><datestamp>2024-10-29T17:53:31Z</datestamp><setSpec>com_2072_98</setSpec><setSpec>col_2072_378192</setSpec></header><metadata><record xmlns="http://www.loc.gov/MARC21/slim" xmlns:dcterms="http://purl.org/dc/terms/" xmlns:xsi="http://www.w3.org/2001/XMLSchema-instance" xmlns:doc="http://www.lyncode.com/xoai" xsi:schemaLocation="http://www.loc.gov/MARC21/slim http://www.loc.gov/standards/marcxml/schema/MARC21slim.xsd">
   <leader>00925njm 22002777a 4500</leader>
   <datafield ind2=" " ind1=" " tag="042">
      <subfield code="a">dc</subfield>
   </datafield>
   <datafield ind2=" " ind1=" " tag="720">
      <subfield code="a">Rodrigo Alsina, Miquel,</subfield>
      <subfield code="e">author</subfield>
   </datafield>
   <datafield ind2=" " ind1=" " tag="260">
      <subfield code="c">1996</subfield>
   </datafield>
   <datafield ind2=" " ind1=" " tag="520">
      <subfield code="a">A mediados del siglo XX se hizo más patente la necesidad de los estudios de la comunicación intercultural, que se iniciaron en los Estados Unidos. En las sucesivas décadas distintos movimientos sociales y políticos impulsaron estas investigaciones. Los estudios de comunicación intercultural estuvieron muy condicionados por sus inicios, en los que se partía de los análisis de la comunicación interpersonal. Así la mayoría de la producción norteamericana corresponde a la comunicación intercultural interpersonal. Aunque este ámbito de estudio plantea problemas metodológicos y espistemológicos e incluso su delimitación sigue estando todavía sometida a debate, hay que destacar que ya ha dado lugar a numerosas investigaciones. En este artículo se hace la propuesta de construcción de un campo de estudio de la comunicación intercultural más integrado. Por un lado, cada día son más claras las interrelaciones entre la comunicación interpersonal y la mediada. Por otro lado, la relaciones entre comunicación y cultura son obvias en la comunicación intercultural. Para trabajar en este sentido se propugna utilizar el concepto de identidad como puente entre la comunicación intercultural interpersonal y la comunicación intercultural mediada.</subfield>
   </datafield>
   <datafield tag="653" ind2=" " ind1=" ">
      <subfield code="a">Comunicació intercultural</subfield>
   </datafield>
   <datafield tag="653" ind2=" " ind1=" ">
      <subfield code="a">Identitat</subfield>
   </datafield>
   <datafield tag="653" ind2=" " ind1=" ">
      <subfield code="a">Comunicación intercultural</subfield>
   </datafield>
   <datafield tag="653" ind2=" " ind1=" ">
      <subfield code="a">Identidad</subfield>
   </datafield>
   <datafield ind2="0" ind1="0" tag="245">
      <subfield code="a">Los estudios de comunicación intercultural</subfield>
   </datafield>
</record></metadata></record></GetRecord></OAI-PMH>